[Event "2024 US National High School (K-12) Championship"]
[Site "Baltimore, Maryland, United States"]
[Date "2024.04.06"]
[Round "5.25"]
[White "Sathish, Avyukt"]
[Black "Kogan, Jonathan"]
[Result "0-1"]
[TimeControl "G/90; d10"]
[WhiteElo "728"]
[BlackElo "798"]

1. d4 {[%clk 01:29:59]} {[%emt 00:00:02]} d5 {[%clk 01:30:00]} {[%emt
00:00:21]} 2. Nf3 {[%clk 01:29:50]} {[%emt 00:00:13]} Bg4 {[%clk 01:29:56]}
{[%emt 00:00:16]} 3. h3 {[%clk 01:29:48]} {[%emt 00:00:07]} Bh5 {[%clk
01:29:56]} {[%emt 00:00:05]} 4. Nc3 {[%clk 01:29:48]} {[%emt 00:00:08]} c6
{[%clk 01:29:41]} {[%emt 00:00:26]} 5. Bf4 {[%clk 01:29:48]} {[%emt 00:00:10]}
Nd7 {[%clk 01:29:26]} {[%emt 00:00:24]} 6. Qd2 {[%clk 01:29:43]} {[%emt
00:00:16]} Ngf6 {[%clk 01:29:22]} {[%emt 00:00:14]} 7. O-O-O {[%clk 01:29:43]}
{[%emt 00:00:10]} Bxf3 {[%clk 01:29:15]} {[%emt 00:00:17]} 8. exf3 {[%emt
00:00:16]} e6 {[%emt 00:00:14]} 9. Bd3 {[%clk 01:28:49]} {[%emt 00:00:24]} Bb4
{[%clk 01:29:15]} {[%emt 00:00:13]} 10. a3 {[%clk 01:28:34]} {[%emt 00:00:09]}
Ba5 {[%clk 01:29:15]} {[%emt 00:00:18]} 11. Rhe1 {[%clk 01:28:27]} {[%emt
00:00:15]} O-O {[%clk 01:29:11]} {[%emt 00:00:16]} 12. Re3 {[%clk 01:28:27]}
{[%emt 00:00:05]} b5 {[%clk 01:28:56]} {[%emt 00:00:25]} 13. b4 {[%clk
01:28:09]} {[%emt 00:00:21]} Bb6 {[%clk 01:28:53]} {[%emt 00:00:21]} 14. Bf1
{[%clk 01:27:59]} {[%emt 00:00:19]} Qc8 {[%clk 01:28:43]} {[%emt 00:00:20]} 15.
Qe2 {[%clk 01:27:53]} {[%emt 00:00:16]} a5 {[%clk 01:28:17]} {[%emt 00:00:37]}
16. bxa5 {[%clk 01:25:51]} {[%emt 00:00:42]} Rxa5 {[%clk 01:28:17]} 17. Kb2
{[%clk 01:25:43]} {[%emt 00:01:43]} Qa6 {[%clk 01:27:43]} {[%emt 00:00:48]} 18.
Ra1 {[%clk 01:25:25]} {[%emt 00:00:29]} Bxd4 {[%clk 01:26:56]} {[%emt
00:00:40]} 19. Rd3 {[%clk 01:25:25]} Bc5 {[%clk 01:25:31]} {[%emt 00:01:51]} 20.
Nd1 {[%clk 01:24:04]} {[%emt 00:00:25]} b4 {[%clk 01:25:31]} 21. Kc1 {[%clk
01:23:41]} {[%emt 00:01:41]} bxa3 {[%emt 00:01:38]} 22. Rb3 {[%emt 00:00:08]}
Qa8 {[%clk 01:22:42]} {[%emt 00:01:18]} 23. Be5 {[%clk 01:23:15]} {[%emt
00:00:40]} Ra4 {[%clk 01:21:39]} {[%emt 00:01:13]} 24. Nc3 {[%clk 01:22:27]}
{[%emt 00:00:57]} Ra5 {[%clk 01:20:21]} {[%emt 00:01:30]} 25. Bc7 {[%clk
01:22:11]} {[%emt 00:00:21]} Ra7 {[%clk 01:19:54]} {[%emt 00:00:42]} 26. Bh2
{[%clk 01:22:09]} {[%emt 00:00:11]} a2 {[%clk 01:18:46]} {[%emt 00:01:18]} 27.
Qd3 {[%clk 01:21:48]} {[%emt 00:00:31]} Rb8 {[%emt 00:02:12]} 28. Bxb8 {[%emt
00:00:41]} Nxb8 {[%clk 01:15:41]} {[%emt 00:00:13]} 29. Rb2 {[%clk 01:21:48]}
{[%emt 00:00:13]} Ba3 {[%clk 01:15:14]} {[%emt 00:00:38]} 30. Nxa2 {[%clk
01:20:57]} {[%emt 00:00:43]} Rb7 {[%clk 01:14:40]} {[%emt 00:01:02]} 31. Nb4
{[%clk 01:20:38]} {[%emt 00:00:29]} Bxb2+ {[%clk 01:13:25]} {[%emt 00:01:26]}
32. Kxb2 {[%clk 01:20:19]} {[%emt 00:00:18]} Rxb4+ {[%clk 01:13:25]} 0-1

[Event "2024 US National High School (K-12) Championship"]
[Site "Baltimore, Maryland, United States"]
[Date "2024.04.06"]
[Round "5.26"]
[White "Thomas, Joshua"]
[Black "Thomas, Richard"]
[Result "1-0"]
[TimeControl "G/90; d10"]
[WhiteElo "704"]
[BlackElo "794"]

1. d4 {[%clk 01:30:00]} {[%emt 00:00:05]} d5 {[%clk 01:30:00]} {[%emt
00:00:10]} 2. c4 {[%clk 01:29:53]} {[%emt 00:00:28]} dxc4 {[%clk 01:30:00]}
{[%emt 00:00:07]} 3. e4 {[%clk 01:29:30]} {[%emt 00:00:16]} e5 {[%clk
01:29:41]} {[%emt 00:00:30]} 4. d5 {[%clk 01:27:25]} {[%emt 00:02:14]} Qh4
{[%clk 01:27:57]} {[%emt 00:01:52]} 5. Qa4+ {[%clk 01:24:05]} {[%emt 00:03:32]}
Bd7 {[%clk 01:27:18]} {[%emt 00:00:50]} 6. Qxc4 {[%clk 01:23:09]} {[%emt
00:01:05]} c6 {[%clk 01:26:42]} {[%emt 00:00:46]} 7. Nc3 {[%clk 01:19:28]}
{[%emt 00:03:51]} Nf6 {[%clk 01:25:01]} {[%emt 00:01:51]} 8. Nf3 {[%clk
01:16:28]} {[%emt 00:03:11]} Qh5 {[%clk 01:18:49]} {[%emt 00:06:22]} 9. a3
{[%clk 01:12:36]} {[%emt 00:04:03]} b5 {[%clk 01:07:19]} {[%emt 00:11:38]} 10.
Qd3 {[%clk 01:07:47]} {[%emt 00:05:00]} a6 {[%clk 01:01:51]} {[%emt 00:05:38]}
11. h3 {[%clk 01:01:00]} {[%emt 00:06:57]} c5 {[%clk 00:54:37]} {[%emt
00:07:25]} 12. Ne2 {[%clk 00:52:07]} {[%emt 00:09:02]} c4 {[%clk 00:50:46]}
{[%emt 00:04:01]} 13. Qc2 {[%clk 00:50:33]} {[%emt 00:01:44]} Qg6 {[%clk
00:48:34]} {[%emt 00:02:20]} 14. Ng3 {[%clk 00:49:00]} {[%emt 00:01:45]} h6
{[%clk 00:47:18]} {[%emt 00:01:26]} 15. Nxe5 {[%clk 00:46:38]} {[%emt
00:02:30]} Qh7 {[%clk 00:45:42]} {[%emt 00:01:47]} 16. Nxd7 {[%clk 00:45:24]}
{[%emt 00:01:24]} Nbxd7 {[%clk 00:45:33]} {[%emt 00:00:19]} 17. f3 {[%clk
00:44:14]} {[%emt 00:01:20]} Nc5 {[%clk 00:44:02]} {[%emt 00:01:38]} 18. Be3
{[%clk 00:39:19]} {[%emt 00:05:07]} Nb3 {[%clk 00:42:48]} {[%emt 00:01:24]} 19.
Rd1 {[%clk 00:37:25]} {[%emt 00:02:03]} Bc5 {[%clk 00:41:33]} {[%emt 00:01:25]}
20. Bxc5 {[%clk 00:33:31]} {[%emt 00:04:05]} Nxc5 {[%clk 00:41:27]} {[%emt
00:00:16]} 21. b4 {[%clk 00:32:51]} {[%emt 00:00:50]} Nb3 {[%clk 00:40:46]}
{[%emt 00:00:49]} 22. Qc3 {[%clk 00:27:07]} {[%emt 00:05:56]} Rc8 {[%clk
00:39:11]} {[%emt 00:01:44]} 23. Nf5 {[%clk 00:25:25]} {[%emt 00:01:53]} Kd8
{[%clk 00:37:35]} {[%emt 00:01:45]} 24. Qe5 {[%clk 00:24:16]} {[%emt 00:01:20]}
Qxf5 {[%clk 00:36:39]} {[%emt 00:01:05]} 25. Qxf5 {[%clk 00:23:54]} {[%emt
00:00:32]} c3 {[%clk 00:36:33]} {[%emt 00:00:17]} 26. Qf4 {[%clk 00:21:44]}
{[%emt 00:02:20]} c2 {[%clk 00:36:14]} {[%emt 00:00:29]} 27. Rc1 {[%clk
00:21:42]} {[%emt 00:00:13]} Nxc1 {[%clk 00:35:34]} {[%emt 00:00:50]} 28. Qxc1
{[%clk 00:21:42]} {[%emt 00:00:08]} Nd7 {[%clk 00:34:49]} {[%emt 00:00:54]} 29.
Bd3 {[%clk 00:21:23]} {[%emt 00:00:30]} Ne5 {[%clk 00:34:27]} {[%emt 00:00:31]}
30. Bxc2 {[%clk 00:21:06]} {[%emt 00:00:27]} Nd3+ {[%clk 00:34:25]} {[%emt
00:00:11]} 31. Kd2 {[%clk 00:20:26]} {[%emt 00:00:51]} Nxc1 {[%clk 00:34:25]}
{[%emt 00:00:09]} 32. Kxc1 {[%clk 00:19:49]} {[%emt 00:00:47]} Rc3 {[%clk
00:34:06]} {[%emt 00:00:28]} 33. Kb2 {[%clk 00:19:46]} {[%emt 00:00:14]} Re3
{[%clk 00:34:00]} {[%emt 00:00:15]} 34. Rf1 {[%clk 00:18:44]} {[%emt 00:01:12]}
Ke7 {[%clk 00:33:45]} {[%emt 00:00:27]} 35. g4 {[%clk 00:18:17]} {[%emt
00:00:36]} Re2 {[%clk 00:33:15]} {[%emt 00:00:40]} 36. f4 {[%clk 00:17:18]}
{[%emt 00:01:08]} Rc8 {[%clk 00:33:10]} {[%emt 00:00:16]} 37. Rc1 {[%clk
00:17:10]} {[%emt 00:00:19]} Rh2 {[%clk 00:28:02]} {[%emt 00:05:18]} 38. e5
{[%clk 00:15:43]} {[%emt 00:01:37]} Rxh3 {[%clk 00:27:19]} {[%emt 00:00:52]} 39.
d6+ {[%clk 00:14:31]} {[%emt 00:01:22]} Kd7 {[%clk 00:26:50]} {[%emt 00:00:39]}
40. Bf5+ {[%clk 00:14:04]} {[%emt 00:00:37]} Kd8 {[%clk 00:26:36]} {[%emt
00:00:24]} 41. Rxc8# {[%clk 00:13:58]} {[%emt 00:00:16]} 1-0

[Event "2024 US National High School (K-12) Championship"]
[Site "Baltimore, Maryland, United States"]
[Date "2024.04.06"]
[Round "5.27"]
[White "Weis, Liam Gatlin"]
[Black "Trickey, Kareem"]
[Result "0-1"]
[TimeControl "G/90; d10"]
[WhiteElo "1175"]
[BlackElo "996"]

1. d4 {[%clk 01:30:00]} {[%emt 00:00:01]} Nf6 {[%clk 01:30:00]} {[%emt
00:00:24]} 2. c4 {[%clk 01:29:59]} {[%emt 00:00:15]} g6 {[%clk 01:30:00]}
{[%emt 00:00:06]} 3. Nc3 {[%clk 01:29:59]} {[%emt 00:00:05]} Bg7 {[%clk
01:30:00]} {[%emt 00:00:02]} 4. Bf4 {[%clk 01:29:42]} {[%emt 00:00:17]} O-O
{[%clk 01:28:46]} {[%emt 00:01:23]} 5. Nf3 {[%clk 01:28:27]} {[%emt 00:01:25]}
d6 {[%clk 01:28:35]} {[%emt 00:00:21]} 6. e3 {[%clk 01:27:40]} {[%emt
00:00:57]} Nbd7 {[%clk 01:27:55]} {[%emt 00:00:49]} 7. Be2 {[%clk 01:24:58]}
{[%emt 00:02:52]} Re8 {[%clk 01:25:10]} {[%emt 00:02:53]} 8. Qc2 {[%clk
01:21:32]} {[%emt 00:03:39]} e5 {[%clk 01:23:26]} {[%emt 00:01:53]} 9. Bg5
{[%clk 01:21:29]} {[%emt 00:00:13]} exd4 {[%clk 01:18:31]} {[%emt 00:05:05]} 10.
exd4 {[%clk 01:21:10]} {[%emt 00:00:29]} c6 {[%clk 01:13:34]} {[%emt 00:05:03]}
11. O-O {[%clk 01:19:22]} {[%emt 00:02:03]} c5 {[%clk 01:07:32]} {[%emt
00:06:08]} 12. Ne4 {[%clk 01:14:00]} {[%emt 00:05:36]} Qe7 {[%clk 01:03:54]}
{[%emt 00:03:46]} 13. Bd3 {[%clk 01:11:35]} {[%emt 00:02:38]} h6 {[%clk
00:59:42]} {[%emt 00:04:21]} 14. Rfe1 {[%clk 01:09:39]} {[%emt 00:02:08]} Qf8
{[%clk 00:39:12]} {[%emt 00:20:36]} 15. Bf4 {[%clk 01:04:04]} {[%emt 00:05:49]}
Nxe4 {[%clk 00:37:03]} {[%emt 00:02:19]} 16. Bxe4 {[%clk 01:03:14]} {[%emt
00:01:00]} Kh7 {[%clk 00:29:57]} {[%emt 00:07:12]} 17. Qd2 {[%clk 00:49:21]}
{[%emt 00:14:07]} Nf6 {[%clk 00:26:40]} {[%emt 00:03:25]} 18. Bc2 {[%clk
00:48:18]} {[%emt 00:01:14]} Bg4 {[%clk 00:24:47]} {[%emt 00:02:01]} 19. dxc5
{[%clk 00:45:08]} {[%emt 00:03:23]} Bxf3 {[%clk 00:23:34]} {[%emt 00:01:23]} 20.
Bxd6 {[%clk 00:44:59]} {[%emt 00:00:19]} Rxe1+ {[%clk 00:21:09]} {[%emt
00:02:33]} 21. Rxe1 {[%clk 00:44:57]} {[%emt 00:00:14]} Qd8 {[%clk 00:20:13]}
{[%emt 00:00:51]} 22. gxf3 {[%clk 00:44:34]} {[%emt 00:00:47]} Nd7 {[%clk
00:19:15]} {[%emt 00:01:05]} 23. Qf4 {[%clk 00:43:42]} {[%emt 00:01:06]} Qf6
{[%clk 00:18:32]} {[%emt 00:00:50]} 24. Re7 {[%clk 00:42:35]} {[%emt 00:01:19]}
Qxb2 {[%clk 00:08:59]} {[%emt 00:09:43]} 25. Bxg6+ {[%clk 00:41:13]} {[%emt
00:01:33]} fxg6 {[%clk 00:08:54]} {[%emt 00:00:14]} 26. Rxd7 {[%clk 00:41:13]}
{[%emt 00:00:07]} Re8 {[%clk 00:07:30]} {[%emt 00:01:33]} 27. Bf8 {[%clk
00:37:34]} {[%emt 00:03:51]} Rxf8 {[%clk 00:05:31]} {[%emt 00:02:07]} 28. Qxf8
{[%clk 00:37:34]} {[%emt 00:00:09]} Qc1+ {[%clk 00:05:25]} {[%emt 00:00:12]} 29.
Kg2 {[%clk 00:37:20]} {[%emt 00:00:28]} Qg5+ {[%clk 00:05:06]} {[%emt
00:00:29]} 30. Kf1 {[%clk 00:37:18]} {[%emt 00:00:12]} Qc1+ {[%clk 00:04:39]}
{[%emt 00:00:32]} 31. Ke2 {[%clk 00:37:07]} {[%emt 00:00:25]} Qxc4+ {[%clk
00:03:54]} {[%emt 00:00:53]} 32. Kd1 {[%clk 00:36:37]} {[%emt 00:00:42]} Qa4+
{[%clk 00:03:40]} {[%emt 00:00:25]} 33. Ke1 {[%clk 00:36:19]} {[%emt 00:00:27]}
Qxd7 {[%clk 00:03:40]} {[%emt 00:00:05]} 34. Qd6 {[%clk 00:36:19]} {[%emt
00:00:09]} Qxd6 {[%clk 00:03:29]} {[%emt 00:00:22]} 35. cxd6 {[%clk 00:36:19]}
{[%emt 00:00:01]} Bf6 {[%clk 00:03:29]} {[%emt 00:00:02]} 36. Kd2 {[%clk
00:36:19]} {[%emt 00:00:02]} Kg7 {[%clk 00:03:29]} {[%emt 00:00:01]} 37. Kd3
{[%clk 00:36:19]} {[%emt 00:00:02]} Kf7 {[%clk 00:03:29]} {[%emt 00:00:01]} 38.
Kc4 {[%clk 00:36:19]} {[%emt 00:00:05]} Ke8 {[%clk 00:03:25]} {[%emt 00:00:14]}
39. Kc5 {[%clk 00:36:19]} {[%emt 00:00:06]} Kd7 {[%clk 00:03:25]} {[%emt
00:00:02]} 40. Kd5 {[%clk 00:36:19]} {[%emt 00:00:01]} a6 {[%clk 00:03:25]}
{[%emt 00:00:03]} 41. Kc5 {[%clk 00:36:19]} {[%emt 00:00:06]} b5 {[%clk
00:03:24]} {[%emt 00:00:11]} 42. a3 {[%clk 00:36:19]} {[%emt 00:00:06]} Be5
{[%clk 00:03:24]} {[%emt 00:00:04]} 43. Kb6 {[%clk 00:36:17]} {[%emt 00:00:13]}
Bxd6 {[%clk 00:03:24]} {[%emt 00:00:05]} 44. Kxa6 {[%clk 00:36:17]} {[%emt
00:00:02]} Bxa3 {[%clk 00:03:24]} {[%emt 00:00:03]} 45. Kxb5 {[%clk 00:36:17]}
{[%emt 00:00:03]} 0-1